000 00531nam a2200193Ia 4500
008 101110s9999 xx 000 0 und d
041 _aENGLISH
082 _bSR6613
_a539.7
100 _aSemat Henry
245 _aIntroduction to Atomic and Nuclear Physics 4th Ed.
365 _b50.4
520 _aPhysics
546 _aENGLISH
630 _aIntroduction to Atomic and Nuclear Physics 4th Ed.
650 _aPhysics
655 _aPhysics
730 _aIntroduction to Atomic and Nuclear Physics 4th Ed.
942 _cBOOK
999 _c802459
_d802456